[Event "8eme Open International de La Fere"]
[Site "La Fere (FRA)"]
[Date "2009.07.05"]
[Round "2.32"]
[White "Calonne, Pascal"]
[Black "Pytel, Bozena"]
[Result "0-1"]
[WhiteElo "1545"]
[BlackElo "1957"]
[PlyCount "112"]
[EventDate "2009.??.??"]

1. e4 e5 2. Nf3 Nc6 3. d4 exd4 4. Bc4 Be7 5. c3 d6 6. cxd4 Nf6 7. Nc3 O-O 8.
O-O Bg4 9. Be3 Na5 10. Be2 c5 11. h3 Bh5 12. e5 dxe5 13. dxe5 Nd7 14. Qd5 Nb6
15. Qxd8 Rfxd8 16. b3 Nd5 17. Nxd5 Rxd5 18. g4 Bg6 19. Rad1 Rad8 20. Rxd5 Rxd5
21. Rd1 Rxd1+ 22. Bxd1 Nc6 23. Bf4 Bd3 24. Ne1 Bb1 25. a3 Ba2 26. Nd3 c4 27.
bxc4 Bxc4 28. Nb2 Bd5 29. a4 a6 30. Nd3 b5 31. axb5 axb5 32. Be3 b4 33. f4 b3
34. Nb2 Ba3 35. Bc1 Nb4 36. Bd2 Bxb2 37. Bxb4 Bd4+ 38. Kf1 b2 39. Bc2 Ba2 40.
Kg2 b1=Q 41. Bxb1 Bxb1 42. Kf3 g6 43. h4 Bc2 44. h5 gxh5 45. gxh5 Kg7 46. Kg4
Bd1+ 47. Kg5 h6+ 48. Kf5 Bxh5 49. Ke4 Bb2 50. f5 Bd1 51. Kd5 Bb3+ 52. Kd6 h5
53. e6 Kf6 54. e7 Ba4 55. Kc7 Kxf5 56. Kd8 Kf6 0-1

[Event "8eme Open International de La Fere"]
[Site "La Fere (FRA)"]
[Date "2009.07.05"]
[Round "2.33"]
[White "Hutin, Evgueny"]
[Black "Parent, Henri"]
[Result "0-1"]
[WhiteElo "1919"]
[BlackElo "1600"]
[PlyCount "68"]
[EventDate "2009.??.??"]

1. d4 Nf6 2. Bg5 d5 3. e3 Ne4 4. Bf4 Nc6 5. Bd3 Bf5 6. f3 Nd6 7. Bxd6 Bxd3 8.
Bxc7 Bxc2 9. Bxd8 Bxd1 10. Bxe7 Bxf3 11. Nxf3 Bxe7 12. Nc3 Bb4 13. O-O Bxc3 14.
bxc3 f6 15. Rae1 O-O 16. e4 dxe4 17. Rxe4 Rfe8 18. Rfe1 Kf7 19. Kf2 Re7 20. d5
Rxe4 21. Rxe4 Ne7 22. c4 b6 23. Ke3 Rc8 24. Kd3 b5 25. cxb5 Nxd5 26. Rc4 Nc7
27. Nd4 g5 28. a4 Ke8 29. Ke4 Kd7 30. Kf5 Nxb5 31. Rb4 Nxd4+ 32. Rxd4+ Ke7 33.
Rd5 Rc4 34. Ra5 Rf4# 0-1

[Event "8eme Open International de La Fere"]
[Site "La Fere (FRA)"]
[Date "2009.07.05"]
[Round "2.34"]
[White "Boudier, Eric"]
[Black "Dernoncourt, Christophe"]
[Result "1-0"]
[WhiteElo "1883"]
[BlackElo "1720"]
[PlyCount "103"]
[EventDate "2009.??.??"]

1. e4 e6 2. d4 d5 3. Be3 dxe4 4. Nc3 f5 5. f3 Bb4 6. fxe4 Qh4+ 7. Bf2 Qxe4+ 8.
Qe2 Nf6 9. Qxe4 Nxe4 10. Nge2 Nc6 11. a3 Bxc3+ 12. bxc3 Nxf2 13. Kxf2 Bd7 14.
Nf4 g5 15. Nd3 O-O-O 16. Nc5 b6 17. Rb1 Nb8 18. Nxd7 Nxd7 19. Bc4 Rhe8 20. a4
Nf6 21. Bd3 Nd5 22. Rb3 a5 23. Re1 Nf4 24. Bb5 Re7 25. g3 Nd5 26. Bd3 Rdd7 27.
Re5 h5 28. Ba6+ Kd8 29. Bf1 Nf6 30. Rxa5 Rd5 31. Ra8+ Kd7 32. Bb5+ Kd6 33. Rd8+
Nd7 34. Ke3 c5 35. Bxd7 Rxd7 36. Rxd7+ Kxd7 37. Rxb6 cxd4+ 38. cxd4 Ra5 39. Rb4
Kc6 40. c4 Ra8 41. h4 g4 42. Kf4 Rd8 43. c5 Kd5 44. Ke3 Ra8 45. Kf4 e5+ 46.
dxe5 Kxc5 47. Rb5+ Kc6 48. Kxf5 Rxa4 49. Rb3 Ra5 50. Kf6 Kd7 51. Rd3+ Ke8 52.
Re3 1-0

[Event "8eme Open International de La Fere"]
[Site "La Fere (FRA)"]
[Date "2009.07.05"]
[Round "2.36"]
[White "Chevance, Gerard"]
[Black "Neumair, Cedric"]
[Result "0-1"]
[WhiteElo "1709"]
[BlackElo "1845"]
[PlyCount "110"]
[EventDate "2009.??.??"]

1. d4 Nf6 2. c4 e6 3. Nf3 b6 4. g3 Bb7 5. Bg2 Be7 6. O-O O-O 7. a3 c5 8. e3
cxd4 9. exd4 d5 10. cxd5 Nxd5 11. Re1 Nd7 12. Nbd2 Rc8 13. Ne5 Nxe5 14. dxe5
Qc7 15. Nb3 Rfd8 16. Qf3 Rd7 17. Nd2 Qb8 18. Qb3 Rcd8 19. Nf3 Bc5 20. Bg5 Ne7
21. Red1 Bd5 22. Qc2 h6 23. Bd2 Rc7 24. Bc3 Nc6 25. Qe2 a5 26. Rac1 b5 27. Be1
Be7 28. Qe3 b4 29. axb4 axb4 30. Qe2 Rdc8 31. Bd2 Na5 32. Rxc7 Rxc7 33. Rc1 Bc4
34. Qe1 Nb3 35. Rd1 Ra7 36. Qe4 Bd5 37. Qc2 Rc7 38. Qb1 Qc8 39. Be3 Bc5 40. Qd3
Bxe3 41. Qxe3 Na5 42. Nd2 Bxg2 43. Kxg2 Rc2 44. Qd4 Nc6 45. Qd6 Qb7 46. Nf3 b3
47. Kg1 Rxb2 48. Qa3 Ra2 49. Qc5 Rc2 50. Qd6 b2 51. Nd2 Rxd2 52. Qxd2 b1=Q 53.
Rxb1 Qxb1+ 54. Kg2 Qe4+ 55. Kg1 Nxe5 0-1

[Event "8eme Open International de La Fere"]
[Site "La Fere (FRA)"]
[Date "2009.07.05"]
[Round "2.37"]
[White "Barbry, Quentin"]
[Black "Poulain, Andre"]
[Result "1/2-1/2"]
[WhiteElo "1564"]
[BlackElo "1820"]
[PlyCount "71"]
[EventDate "2009.??.??"]

1. e4 c5 2. Nf3 d6 3. Nc3 Nf6 4. d4 cxd4 5. Nxd4 a6 6. Bg5 e6 7. Bd3 Be7 8. Nf3
Nc6 9. O-O O-O 10. Re1 Qc7 11. Qd2 b5 12. Rad1 Bb7 13. Ne2 Rac8 14. c3 Rfd8 15.
Ned4 Ne5 16. Nxe5 dxe5 17. Bxf6 Bxf6 18. Nf3 Rd6 19. Qe2 Rcd8 20. Bc2 Qb6 21.
Rxd6 Rxd6 22. Rd1 Be7 23. Rxd6 Qxd6 24. h3 Bd8 25. Qe3 Bb6 26. Qd3 Qxd3 27.
Bxd3 f6 28. Kf1 Kf7 29. b4 Ke7 30. Nd2 g6 31. f3 f5 32. Ke2 Kf6 33. Bc2 g5 34.
Nb3 h5 35. g4 fxg4 36. fxg4 1/2-1/2

[Event "8eme Open International de La Fere"]
[Site "La Fere (FRA)"]
[Date "2009.07.05"]
[Round "2.38"]
[White "Ruhant, Anthony"]
[Black "Dagnicourt, Francis"]
[Result "1-0"]
[WhiteElo "1648"]
[BlackElo "1765"]
[PlyCount "81"]
[EventDate "2009.??.??"]

1. e4 d6 2. d4 Nf6 3. Nc3 g6 4. f4 Bg7 5. Nf3 O-O 6. Bd3 Bg4 7. Be3 c6 8. Qd2
Bxf3 9. gxf3 Qa5 10. O-O Nbd7 11. Qg2 Nh5 12. Kh1 c5 13. Ne2 cxd4 14. Nxd4 Bxd4
15. Bxd4 Nxf4 16. Qg4 Ne6 17. Be3 Ne5 18. Qh4 f6 19. f4 Nxd3 20. cxd3 Rac8 21.
f5 g5 22. Rg1 Ng7 23. Qh6 Qe5 24. Rg2 Nxf5 25. exf5 Qxe3 26. h4 Qh3+ 27. Kg1
Qe3+ 28. Kh2 Qf4+ 29. Kh1 Qf3 30. hxg5 Rc2 31. Rag1 Rxg2 32. Rxg2 Qf1+ 33. Kh2
Qf4+ 34. Kg1 Qe3+ 35. Kh1 Qe1+ 36. Rg1 Qxg1+ 37. Kxg1 fxg5 38. Qxg5+ Kf7 39.
Qe3 Rg8+ 40. Kh2 Rc8 41. Qe6+ 1-0

[Event "8eme Open International de La Fere"]
[Site "La Fere (FRA)"]
[Date "2009.07.05"]
[Round "2.39"]
[White "Pavillon, Guillaume"]
[Black "Vernede, Victor"]
[Result "1-0"]
[WhiteElo "1843"]
[BlackElo "1720"]
[PlyCount "67"]
[EventDate "2009.??.??"]

1. c4 e6 2. Nf3 d5 3. b3 c5 4. e3 Nc6 5. cxd5 exd5 6. d4 Nf6 7. Bb2 Bg4 8. Be2
cxd4 9. Nxd4 Bxe2 10. Qxe2 Nxd4 11. Bxd4 a6 12. O-O Bb4 13. Qf3 O-O 14. Nc3
Bxc3 15. Bxc3 Ne4 16. Bd4 Nd2 17. Qg3 f6 18. Rfc1 Ne4 19. Qc7 Qxc7 20. Rxc7 b5
21. Rac1 Rf7 22. R7c6 Rd7 23. f3 Ng5 24. h4 Nf7 25. Bb6 Ne5 26. Rc8+ Rxc8 27.
Rxc8+ Kf7 28. Ra8 Kg6 29. a4 bxa4 30. bxa4 Nc4 31. a5 Rd6 32. Rxa6 Nxe3 33. Ra8
Kf5 34. Bxe3 1-0

[Event "8eme Open International de La Fere"]
[Site "La Fere (FRA)"]
[Date "2009.07.05"]
[Round "2.40"]
[White "Guille, Nicolas"]
[Black "Wells, Pierre-Alexandre"]
[Result "1-0"]
[WhiteElo "1782"]
[BlackElo "1499"]
[PlyCount "81"]
[EventDate "2009.??.??"]

1. e4 e6 2. d4 d5 3. Nc3 dxe4 4. Nxe4 Nf6 5. Bg5 Be7 6. Bxf6 Bxf6 7. c3 c6 8.
Nf3 O-O 9. Ne5 Bxe5 10. dxe5 Qxd1+ 11. Rxd1 Nd7 12. f4 Nb6 13. Bd3 Nd5 14. g3
b6 15. c4 Ne3 16. Rd2 Nf5 17. g4 Nd4 18. Kf2 c5 19. h4 Bb7 20. Rhd1 Bxe4 21.
Bxe4 Rab8 22. a3 a5 23. Rb1 Rfe8 24. b4 Rf8 25. Ke3 axb4 26. axb4 Rbc8 27. Rbb2
f5 28. exf6 gxf6 29. bxc5 Nc6 30. Bxc6 Rxc6 31. Rxb6 Rfc8 32. Rxc6 Rxc6 33. Kd4
Kf7 34. Rb2 Kg8 35. Rb6 Rc8 36. Rxe6 Kf7 37. Kd5 Rxc5+ 38. Kxc5 Kxe6 39. Kc6
Ke7 40. Kc7 h6 41. Kc6 1-0

[Event "8eme Open International de La Fere"]
[Site "La Fere (FRA)"]
[Date "2009.07.05"]
[Round "2.41"]
[White "Pierret, Paul"]
[Black "Brelot, Loic"]
[Result "0-1"]
[WhiteElo "1495"]
[BlackElo "1756"]
[PlyCount "82"]
[EventDate "2009.??.??"]

1. d4 d5 2. Bf4 c5 3. dxc5 e6 4. e3 Bxc5 5. a3 a6 6. b4 Bd6 7. Bxd6 Qxd6 8. Nf3
Nc6 9. Be2 Nf6 10. Nc3 O-O 11. O-O e5 12. b5 axb5 13. Nxb5 Qe7 14. Nc3 Rd8 15.
Qc1 d4 16. Nb5 Bg4 17. Re1 Bxf3 18. Bxf3 e4 19. Bd1 d3 20. cxd3 exd3 21. Qc3
Ne4 22. Qb2 Nc5 23. Qc3 Na4 24. Qd2 Qe5 25. Nd4 Nxd4 26. exd4 Qxd4 27. Bf3 Nc5
28. Rab1 Rxa3 29. h3 Qc3 30. Qe3 h6 31. Qe7 Qd4 32. Bxb7 d2 33. Rf1 Rb3 34. Bf3
Rxb1 35. Rxb1 Nd3 36. Qe2 Nb2 37. Kh2 Qc3 38. Qe7 Rf8 39. Qb7 Nd3 40. Rb3 Qe5+
41. g3 Nxf2 0-1

[Event "8eme Open International de La Fere"]
[Site "La Fere (FRA)"]
[Date "2009.07.05"]
[Round "2.42"]
[White "Tawegoum, Ivan"]
[Black "Adelise, Theo"]
[Result "0-1"]
[WhiteElo "1490"]
[BlackElo "1735"]
[PlyCount "63"]
[EventDate "2009.??.??"]

1. e4 e6 2. d4 d5 3. e5 c5 4. c3 Qb6 5. Be3 Qxb2 6. Nd2 Qxc3 7. Bb5+ Bd7 8.
Bxd7+ Nxd7 9. Ne2 Qa5 10. O-O c4 11. Kh1 Bb4 12. a3 Be7 13. Nf3 f6 14. Bd2 Qc7
15. Bf4 fxe5 16. dxe5 Bc5 17. Nc3 Ne7 18. Nb5 Qc6 19. Nd6+ Bxd6 20. exd6 Ng6
21. Bg3 O-O 22. Nd4 Qc8 23. Nxe6 Nf6 24. Nxf8 Qxf8 25. Re1 Qf7 26. Qa4 Qd7 27.
Qxd7 Nxd7 28. Rab1 b6 29. Red1 Nf6 30. Rbc1 Rf8 31. Be5 Nd7 32. Bc3 0-1

[Event "8eme Open International de La Fere"]
[Site "La Fere (FRA)"]
[Date "2009.07.05"]
[Round "2.35"]
[White "Khalfaoui, Mathias"]
[Black "Vandervorst, Marc"]
[Result "1-0"]
[WhiteElo "1680"]
[BlackElo "1876"]
[PlyCount "125"]
[EventDate "2009.??.??"]

1. e4 e5 2. Nf3 Nc6 3. Bb5 Bc5 4. O-O Nge7 5. Re1 O-O 6. c3 a6 7. Ba4 b5 8. Bb3
d6 9. h3 Bb6 10. d4 exd4 11. cxd4 Na5 12. Bc2 Ng6 13. Nc3 Bb7 14. b3 Nh4 15.
Be3 Qf6 16. Nxh4 Qxh4 17. Qd3 Nc6 18. a3 Ne7 19. Qd2 h6 20. d5 Bxe3 21. Qxe3
Ng6 22. Ne2 Rfe8 23. f3 Re7 24. Nd4 Qf6 25. Qf2 Rae8 26. Rac1 Bc8 27. Bd3 Ne5
28. Bf1 Bxh3 29. gxh3 Qf4 30. Rc3 Ng6 31. Rec1 Re5 32. Nf5 Ne7 33. Qe3 Nxd5 34.
Qxf4 Nxf4 35. Rxc7 Ne6 36. Rc8 Rxc8 37. Rxc8+ Kh7 38. Rc3 Rc5 39. Rxc5 dxc5 40.
Kf2 g6 41. Nd6 Kg7 42. a4 c4 43. axb5 axb5 44. bxc4 b4 45. Ke3 Kf6 46. Nb5 Ke5
47. Na7 Kd6 48. f4 Kc5 49. Nb5 b3 50. Bd3 Kb4 51. Nd4 Nc5 52. Kd2 Ka3 53. Nb5+
Kb4 54. Nc3 Ne6 55. f5 Nf4 56. Nd5+ Nxd5 57. cxd5 Kc5 58. fxg6 fxg6 59. Kc3 h5
60. h4 Kd6 61. Kxb3 g5 62. hxg5 h4 63. Bf1 1-0

[Event "8eme Open International de La Fere"]
[Site "La Fere (FRA)"]
[Date "2009.07.05"]
[Round "2.43"]
[White "Eeckhout, Jean-Louis"]
[Black "Bouguettouche, Didier"]
[Result "1-0"]
[WhiteElo "1723"]
[BlackElo "1460"]
[PlyCount "45"]
[EventDate "2009.??.??"]

1. d4 d5 2. c4 dxc4 3. Qa4+ Nc6 4. Nf3 e6 5. e4 Bd7 6. Qxc4 Be7 7. Bf4 Bd6 8.
e5 Be7 9. Nc3 a6 10. a3 Na5 11. Qd3 f6 12. b4 Nc6 13. Rd1 Na7 14. Qc4 b5 15.
Qb3 c6 16. Ne4 g5 17. Be3 Kf7 18. exf6 Nxf6 19. Nexg5+ Kg6 20. Bd3+ Kh5 21.
Nxe6 Nd5 22. Ng7+ Kg4 23. h3# 1-0

[Event "8eme Open International de La Fere"]
[Site "La Fere (FRA)"]
[Date "2009.07.05"]
[Round "2.44"]
[White "Tivol, Thierry"]
[Black "Pruvost, Loic"]
[Result "1-0"]
[WhiteElo "1720"]
[BlackElo "1420"]
[PlyCount "59"]
[EventDate "2009.??.??"]

1. e4 e6 2. Nf3 d5 3. exd5 exd5 4. d4 Nc6 5. Bf4 Nf6 6. Be2 Bf5 7. O-O Bd6 8.
Bxd6 Qxd6 9. Nbd2 O-O 10. Re1 Ng4 11. c3 Be4 12. h3 Bxf3 13. Nxf3 Nf6 14. Bd3
Rfe8 15. Qc2 Rxe1+ 16. Rxe1 Re8 17. Rxe8+ Nxe8 18. Bxh7+ Kf8 19. Bd3 Qf4 20.
Qb3 Qc1+ 21. Bf1 Na5 22. Qb4+ Nd6 23. Qxa5 Qxb2 24. Qxc7 Ne8 25. Qc5+ Kg8 26.
Qe7 Nf6 27. Ng5 Qb6 28. Qxf7+ Kh8 29. Qf8+ Ng8 30. Bd3 1-0

[Event "8eme Open International de La Fere"]
[Site "La Fere (FRA)"]
[Date "2009.07.05"]
[Round "2.45"]
[White "Paillard, Maximilien"]
[Black "Lucas, Bernard"]
[Result "1/2-1/2"]
[WhiteElo "1462"]
[BlackElo "1709"]
[PlyCount "51"]
[EventDate "2009.??.??"]

1. d4 d5 2. e3 Nf6 3. Bd3 c6 4. Nd2 Bg4 5. Ngf3 e6 6. h3 Bxf3 7. Nxf3 Bd6 8.
Bd2 Nbd7 9. c3 O-O 10. O-O e5 11. dxe5 Nxe5 12. Bc2 Re8 13. Nd4 Bc7 14. Re1 Nc4
15. b3 Nd6 16. Bd3 Nde4 17. c4 Qd6 18. Nf3 Rad8 19. cxd5 cxd5 20. Rc1 Bb6 21.
Qc2 h6 22. Nd4 Nxd2 23. Qxd2 Ne4 24. Qb2 Rc8 25. Rxc8 Rxc8 26. Bxe4 1/2-1/2

[Event "8eme Open International de La Fere"]
[Site "La Fere (FRA)"]
[Date "2009.07.05"]
[Round "2.46"]
[White "Roux, Jean-Francois"]
[Black "Wolfangel, Jocelyne"]
[Result "1-0"]
[WhiteElo "1659"]
[BlackElo "1410"]
[PlyCount "101"]
[EventDate "2009.??.??"]

1. d4 d5 2. c4 e6 3. Nc3 h6 4. Nf3 Nf6 5. Qc2 Be7 6. e4 dxe4 7. Nxe4 O-O 8. Bd3
Nc6 9. a3 Nxd4 10. Nxd4 Qxd4 11. Be3 Qd8 12. Rd1 Ng4 13. Bf4 e5 14. Bc1 Qe8 15.
h3 Nf6 16. Be3 Bd7 17. Nc5 Bc6 18. O-O Bd6 19. Ne4 Nxe4 20. Bxe4 Ba4 21. b3 Bc6
22. c5 Be7 23. Bd3 b6 24. Qc1 g5 25. h4 Bb5 26. hxg5 Bxd3 27. Rxd3 h5 28. cxb6
cxb6 29. a4 Rc8 30. Qd1 Rd8 31. Rxd8 Qxd8 32. Qxh5 Qd6 33. Rd1 Qg6 34. Qxg6+
fxg6 35. Rd7 Bc5 36. Bxc5 bxc5 37. Rxa7 Rb8 38. Rc7 Rxb3 39. Rxc5 e4 40. a5
Rb1+ 41. Kh2 Rf1 42. Re5 Rxf2 43. Rxe4 Rf5 44. a6 Ra5 45. Re6 Kf7 46. Rb6 Rxg5
47. a7 Rh5+ 48. Kg3 Ra5 49. Rb7+ Ke6 50. Kg4 Ra6 51. Rb6+ 1-0

[Event "8eme Open International de La Fere"]
[Site "La Fere (FRA)"]
[Date "2009.07.05"]
[Round "2.47"]
[White "Cassol, Robert"]
[Black "Fauchart, Francois"]
[Result "0-1"]
[WhiteElo "1430"]
[BlackElo "1653"]
[PlyCount "100"]
[EventDate "2009.??.??"]

1. f4 d5 2. Nf3 Nc6 3. e3 a6 4. d4 e6 5. Bd3 Nf6 6. Nbd2 Bd6 7. c3 b5 8. O-O
Bb7 9. Re1 O-O 10. Qe2 h6 11. Nf1 Ne7 12. Qf2 c5 13. h3 c4 14. Bb1 Rc8 15. Ng3
b4 16. Bd2 a5 17. Bc1 Qc7 18. Qc2 Rfe8 19. Nh5 Nxh5 20. Qh7+ Kf8 21. Qh8+ Ng8
22. Bh7 Ke7 23. Bxg8 Rxg8 24. Qh7 Nf6 25. Qc2 Ne4 26. Ne5 f6 27. Ng6+ Kf7 28.
Nh4 g5 29. Nf3 gxf4 30. Qd1 fxe3 31. Bxe3 Bf4 32. Qe2 Bxe3+ 33. Qxe3 Qg3 34.
Re2 Qxh3 35. Ne5+ fxe5 36. Qxh3 exd4 37. Rf1+ Ke7 38. Qh4+ Kd6 39. Qf4+ Kc6 40.
Qf7 Rce8 41. Rf4 Bc8 42. Rg4 Rgf8 43. Qa7 d3 44. Rg7 dxe2 45. Qc7+ Kb5 46. Qb8+
Ka4 47. Qc7 e1=Q+ 48. Kh2 Qh4+ 49. Kg1 Rf1+ 50. Kxf1 Qf2# 0-1

[Event "8eme Open International de La Fere"]
[Site "La Fere (FRA)"]
[Date "2009.07.05"]
[Round "2.48"]
[White "Rouffignac, Marie"]
[Black "Woyave, Pascal"]
[Result "1-0"]
[WhiteElo "1410"]
[BlackElo "1630"]
[PlyCount "83"]
[EventDate "2009.??.??"]

1. e4 e6 2. d4 d5 3. exd5 exd5 4. Nf3 Bd6 5. Nc3 Nf6 6. Bg5 Be6 7. Be2 Nbd7 8.
Qd2 c6 9. O-O Qc7 10. h3 O-O-O 11. a4 h6 12. Be3 g5 13. Rfb1 Rdg8 14. b4 g4 15.
hxg4 Nxg4 16. b5 Nxe3 17. Qxe3 Bh3 18. Ne1 Bh2+ 19. Kh1 Bf5 20. bxc6 bxc6 21.
Ba6+ Kd8 22. Rb7 Qf4 23. Qxf4 Bxf4 24. Bd3 Rg5 25. Bxf5 Rxf5 26. Ne2 Rh5+ 27.
Kg1 Bh2+ 28. Kf1 Bb8 29. Rab1 Kc8 30. Ng3 Bxg3 31. fxg3 Rf5+ 32. Nf3 Rg8 33.
Rxa7 Rxg3 34. Ra8+ Kc7 35. a5 Rg4 36. a6 Rxd4 37. Rb7+ Kd6 38. Rd8 Rd2 39.
Rdxd7+ Kc5 40. a7 Rd1+ 41. Ke2 Ra1 42. Rb8 1-0

[Event "8eme Open International de La Fere"]
[Site "La Fere (FRA)"]
[Date "2009.07.05"]
[Round "2.49"]
[White "Herman, Jose"]
[Black "Biellmann, Patrick"]
[Result "1-0"]
[WhiteElo "1620"]
[BlackElo "1310"]
[PlyCount "93"]
[EventDate "2009.??.??"]

1. e4 c6 2. d4 d5 3. e5 Bf5 4. Bd3 Bg6 5. Nc3 e6 6. Nf3 Be7 7. Be3 Nd7 8. Bxg6
hxg6 9. Qd2 f6 10. a3 Nf8 11. Ne2 Qd7 12. Qd3 Bd8 13. Nf4 Ne7 14. Bd2 g5 15.
Ne2 Bc7 16. Bb4 O-O-O 17. Nc3 g4 18. Bxe7 Qxe7 19. exf6 gxf6 20. Nd2 Bxh2 21.
O-O-O f5 22. g3 Ng6 23. Nf1 Qg5+ 24. Kb1 Rh6 25. Rxh2 f4 26. Rxh6 Qxh6 27. Qe2
Rd6 28. Qxg4 Kc7 29. Re1 Kd7 30. Na4 b6 31. Nc3 a6 32. Ne2 fxg3 33. fxg3 c5 34.
dxc5 bxc5 35. Nf4 Nxf4 36. gxf4 Kc6 37. Ne3 c4 38. Qf3 Kc5 39. Ng4 Qg7 40. Ne5
Qb7 41. Qc3 Rd8 42. Qa5+ Qb5 43. Qxd8 c3 44. Qc7+ Kd4 45. Qa7+ Qc5 46. bxc3+
Kxc3 47. Qxc5+ 1-0

[Event "8eme Open International de La Fere"]
[Site "La Fere (FRA)"]
[Date "2009.07.05"]
[Round "2.50"]
[White "Van Poucke, Anthony"]
[Black "Blondel, Francis"]
[Result "1-0"]
[WhiteElo "1400"]
[BlackElo "1616"]
[PlyCount "66"]
[EventDate "2009.??.??"]

1. e4 c5 2. Nc3 Nc6 3. Nf3 d6 4. h3 g6 5. Bc4 Bg7 6. d3 a6 7. Be3 b5 8. Bd5 Bb7
9. Bxf7+ Kf8 10. Ng5 Bc8 11. Bd5 Qc7 12. Nf7 e6 13. Bxc6 Qxc6 14. Qf3 Nf6 15.
Nxh8 Bxh8 16. Bh6+ Kg8 17. O-O Ra7 18. Bg5 Ne8 19. Bh6 Rf7 20. Qg3 Be5 21. f4
Bd4+ 22. Kh1 Ng7 23. Bxg7 Bxg7 24. Rf3 b4 25. Ne2 Bxb2 26. Raf1 Qa4 27. f5 Be5
28. Qg4 exf5 29. exf5 Rf6 30. Qh5 Qe8 31. fxg6 Qxg6 32. Qxg6+ hxg6 33. Rxf6
Bxf6 1-0

[Event "8eme Open International de La Fere"]
[Site "La Fere (FRA)"]
[Date "2009.07.05"]
[Round "2.51"]
[White "Turlin, Simon"]
[Black "Rech, Thomas"]
[Result "1-0"]
[WhiteElo "1610"]
[BlackElo "1290"]
[PlyCount "47"]
[EventDate "2009.??.??"]

1. e4 e5 2. Nf3 Nc6 3. Bc4 Bc5 4. c3 Nf6 5. d3 d6 6. Be3 b6 7. h3 O-O 8. Nbd2
d5 9. exd5 Nxd5 10. Bxc5 bxc5 11. Ne4 Nf4 12. O-O Qe7 13. Re1 Bb7 14. Qc2 Rfd8
15. Rad1 Na5 16. Neg5 Bxf3 17. Nxf3 Rd6 18. Rxe5 Qf6 19. Rde1 Re8 20. Qa4 Nc6
21. Bxf7+ Kxf7 22. Ng5+ Kg6 23. Qe4+ Kh6 24. Qxh7# 1-0

[Event "8eme Open International de La Fere"]
[Site "La Fere (FRA)"]
[Date "2009.07.05"]
[Round "2.52"]
[White "Siegfried, Francois"]
[Black "Pruvost, Alain"]
[Result "0-1"]
[WhiteElo "1360"]
[BlackElo "1602"]
[PlyCount "90"]
[EventDate "2009.??.??"]

1. d4 c5 2. dxc5 e6 3. Nf3 Bxc5 4. e3 Nf6 5. Nc3 a6 6. Be2 b5 7. O-O Bb7 8. Re1
O-O 9. Bf1 d5 10. h3 Nbd7 11. Nd4 Ne4 12. Nce2 Ndf6 13. Nc3 Nxc3 14. bxc3 Ne4
15. Qd3 Qf6 16. Re2 e5 17. Nb3 Bb6 18. Bb2 Nc5 19. Qd2 Na4 20. Rb1 Nxb2 21.
Rxb2 Rac8 22. Rb1 a5 23. Ree1 a4 24. Na1 Ba5 25. Qd1 Bxc3 26. Re2 b4 27. Qd3
Ba6 28. Qxa6 Qxa6 29. Ree1 Qg6 30. Red1 Qxc2 31. Nxc2 Rb8 32. Rxd5 b3 33. axb3
Rxb3 34. Rbd1 a3 35. Rd7 a2 36. Bc4 Ra3 37. Na1 g6 38. Kf1 Kg7 39. e4 Rb8 40.
Rxf7+ Kh6 41. Bd3 Rd8 42. Bc2 Rxd1+ 43. Bxd1 Bxa1 44. Rf3 Rxf3 45. gxf3 Bd4 0-1

[Event "8eme Open International de La Fere"]
[Site "La Fere (FRA)"]
[Date "2009.07.05"]
[Round "2.53"]
[White "Honorable, Nicolas"]
[Black "Laufer, Maurice"]
[Result "1-0"]
[WhiteElo "1220"]
[BlackElo "1547"]
[PlyCount "96"]
[EventDate "2009.??.??"]

1. e4 Nf6 2. Nc3 d5 3. exd5 Nxd5 4. Nxd5 Qxd5 5. Nf3 Nc6 6. h3 h6 7. b3 Bf5 8.
d3 O-O-O 9. Be2 Nd4 10. Nxd4 Qxd4 11. Be3 Qb4+ 12. Qd2 Qxd2+ 13. Bxd2 g5 14. g4
Be6 15. Bc3 Rg8 16. O-O-O Bd7 17. Bb2 e6 18. Rhf1 Bc6 19. f3 Bd6 20. Kb1 Rgf8
21. Bf6 Rde8 22. c4 Rg8 23. d4 Rg6 24. Be5 Be7 25. d5 exd5 26. cxd5 Bd7 27. Bh2
Bf6 28. Bd3 Rg7 29. Be4 Kb8 30. Rc1 Be5 31. Bxe5 Rxe5 32. Rfd1 f5 33. gxf5 Bxf5
34. d6 Rd7 35. Bxf5 Rxf5 36. dxc7+ Kc8 37. Rxd7 Rf8 38. Rcd1 Rxf3 39. Rh7 Rf8
40. Rd8+ Rxd8 41. cxd8=Q+ Kxd8 42. Kc2 Kc8 43. Rxh6 b6 44. Rh5 a5 45. Rxg5 Kc7
46. Rg6 b5 47. h4 a4 48. bxa4 bxa4 1-0

[Event "8eme Open International de La Fere"]
[Site "La Fere (FRA)"]
[Date "2009.07.05"]
[Round "2.54"]
[White "Devoitine, Thomas"]
[Black "Legrand, Jean-Pierre"]
[Result "0-1"]
[WhiteElo "1200"]
[BlackElo "1530"]
[PlyCount "63"]
[EventDate "2009.??.??"]

1. c4 e5 2. Nc3 f5 3. d3 d6 4. Nf3 Nd7 5. g3 Ngf6 6. Bh3 g6 7. Ng5 Nc5 8. O-O
Bg7 9. b4 Ne6 10. b5 Nxg5 11. Bxg5 f4 12. g4 O-O 13. Nd5 h6 14. Bxf6 Bxf6 15.
f3 Bg7 16. Rc1 c6 17. bxc6 bxc6 18. Nb4 Qb6+ 19. c5 Qxb4 20. Rc4 Qb8 21. Qa4
Bd7 22. Rb4 Qc7 23. Rbb1 Rab8 24. Rbc1 d5 25. a3 Rb5 26. Qc2 Rfb8 27. Rb1 a5
28. Rxb5 Rxb5 29. d4 Rxc5 30. Qxc5 Kh7 31. dxe5 Bxe5 32. a4 0-1

[Event "8eme Open International de La Fere"]
[Site "La Fere (FRA)"]
[Date "2009.07.05"]
[Round "2.55"]
[White "Remy, Camille"]
[Black "Degraeve, Thomas"]
[Result "1-0"]
[WhiteElo "1500"]
[BlackElo "1009"]
[PlyCount "57"]
[EventDate "2009.??.??"]

1. e4 e5 2. Nf3 Nc6 3. Bc4 Bc5 4. c3 Nge7 5. d4 d5 6. exd5 Nxd5 7. dxc5 Nde7 8.
Qxd8+ Nxd8 9. Nxe5 f6 10. Nf3 Bf5 11. O-O Ndc6 12. Re1 O-O-O 13. h3 Rhe8 14.
Bf4 Ng6 15. Rxe8 Rxe8 16. Bd2 Re4 17. Na3 Nge5 18. Bd5 Nxf3+ 19. gxf3 Re2 20.
Nc4 Ne5 21. Be3 Nxc4 22. Bxc4 Rxb2 23. a4 Bxh3 24. Rd1 g5 25. c6 bxc6 26. Ba6+
Rb7 27. Bxa7 Bd7 28. Rb1 Kd8 29. Rxb7 1-0

[Event "8eme Open International de La Fere"]
[Site "La Fere (FRA)"]
[Date "2009.07.05"]
[Round "2.56"]
[White "Deblock, Gilbert"]
[Black "Gosset, Hugo"]
[Result "0-1"]
[WhiteElo "1499"]
[BlackElo "1099"]
[PlyCount "118"]
[EventDate "2009.??.??"]

1. c4 e5 2. e3 Nc6 3. Nc3 Nf6 4. Nf3 Bb4 5. a3 Bxc3 6. bxc3 d6 7. d4 O-O 8. a4
Bg4 9. Be2 Re8 10. d5 Na5 11. Ba3 Bxf3 12. Bxf3 Nxc4 13. Bc1 c6 14. e4 cxd5 15.
exd5 Qa5 16. O-O Qxc3 17. Bg5 e4 18. Be2 e3 19. Rc1 Qe5 20. Rxc4 Qxg5 21. fxe3
Rxe3 22. Bg4 Qxd5 23. Rd4 Qc5 24. Bf3 d5 25. Kh1 Rd8 26. Qd2 Qa3 27. Qd1 Qd3
28. h3 Qxd1 29. Rfxd1 Re5 30. a5 b6 31. axb6 axb6 32. Kh2 g6 33. h4 Rd6 34. Kh3
g5 35. Ra1 gxh4 36. Ra8+ Re8 37. Raa4 Re5 38. Rxh4 Rde6 39. Bxd5 Rxd5 40. Ra8+
Re8 41. Ra3 Rh5 42. g3 Rxh4+ 43. Kxh4 Re4+ 44. Kh3 b5 45. Ra6 Nd5 46. Ra5 Nc3
47. Ra8+ Kg7 48. Rc8 b4 49. Rc5 Na2 50. Rg5+ Kf6 51. Rb5 Re5 52. Rb6+ Kg7 53.
g4 Re3+ 54. Kg2 b3 55. g5 Re4 56. Kf3 Rb4 57. Ra6 b2 58. g6 hxg6 59. Rxa2 b1=Q
0-1

[Event "8eme Open International de La Fere"]
[Site "La Fere (FRA)"]
[Date "2009.07.05"]
[Round "2.57"]
[White "Henon, Alexandre"]
[Black "Duquenne, Eddy"]
[Result "0-1"]
[WhiteElo "1030"]
[BlackElo "1499"]
[PlyCount "46"]
[EventDate "2009.??.??"]

1. c4 c5 2. Nc3 Nc6 3. f4 Nf6 4. Nf3 a6 5. e3 e6 6. h3 Qc7 7. Na4 d6 8. h4 Bd7
9. Be2 Na7 10. O-O b5 11. Nc3 Bc6 12. Ne1 Be7 13. h5 h6 14. g4 d5 15. cxd5 exd5
16. g5 hxg5 17. fxg5 Qg3+ 18. Ng2 Qxg5 19. Ne4 dxe4 20. b3 Bd6 21. Bb2 Qg3 22.
Rf2 Qh2+ 23. Kf1 Qh1# 0-1

[Event "8eme Open International de La Fere"]
[Site "La Fere (FRA)"]
[Date "2009.07.05"]
[Round "2.58"]
[White "Nesztler, Lambert"]
[Black "Rousseaux, Stephane"]
[Result "1-0"]
[WhiteElo "1499"]
[BlackElo "1099"]
[PlyCount "37"]
[EventDate "2009.??.??"]

1. e4 d6 2. d4 Nc6 3. Nf3 e6 4. Bb5 Bd7 5. Bg5 f6 6. Be3 a6 7. Ba4 Qe7 8. a3
O-O-O 9. c4 Be8 10. b4 b6 11. Nc3 g6 12. Rb1 g5 13. b5 Bd7 14. bxa6 Kb8 15. c5
b5 16. Rxb5+ Ka8 17. Rb7 Bc8 18. Qb3 Bxb7 19. Qxb7# 1-0